000 00579nam a2200193Ia 4500
005 20250508161737.0
008 008 250505s9999 xx 000 0 eng d
037 _aTextual
040 _aFEDL
_beng
_cFEDL
041 _aeng
_2eng
084 _a371.42, HES
_qFEDL
100 _aHeston Joseph C. Ed.
_9771481
245 0 _aCounseling for the liberal arts campus : The albion symposium
260 _aOhio
_bThe Antioch Press
_c1968
300 _avi,198p.
700 _a Frick Willard B. Ed.
_9771482
942 _cTEXL
_h371.42, HES
999 _c1371843
_d1371843